XBRL - nástroj elektronické výměny účetních dat

Nové potreby komunikácie podnikových dát. Úroveň integrácie počítačových systémov medzi organizáciami. Projekt XBRL (eXtended Business Reporting Language). Predpoklady uplatnenia XBRL v praxi. Implementácia v USA a Európskej únii. Dopady využitia elektronickej výmeny dát na koncepciu účtovného výkaz...

Full description

Saved in:
Bibliographic Details
Main Author: Mejzlík, Ladislav
Other Authors: Ištvánfyová, Jana
Format: Book Chapter
Language:Czech
Subjects:
Tags: Add Tag
No Tags, Be the first to tag this record!

MARC

LEADER 00000naa$a2200000$$$4500
001 0051565
005 20230925085535.0
041 0 |a cze 
044 |a CZ 
245 1 0 |a XBRL - nástroj elektronické výměny účetních dat  |c Ladislav Mejzlík, Jana Ištvánfyová 
520 |a Nové potreby komunikácie podnikových dát. Úroveň integrácie počítačových systémov medzi organizáciami. Projekt XBRL (eXtended Business Reporting Language). Predpoklady uplatnenia XBRL v praxi. Implementácia v USA a Európskej únii. Dopady využitia elektronickej výmeny dát na koncepciu účtovného výkazníctva a auditu - nové trendy. 
610 2 0 |a dáta 
610 2 0 |a účtovníctvo 
610 2 0 |a výkazníctvo účtovné 
610 2 0 |a komunikácia 
610 2 0 |a výmena informácií 
610 2 0 |a technika výpočtová 
610 2 0 |a spracovanie dát 
610 2 0 |a jazyky programovacie 
100 1 |a Mejzlík, Ladislav 
700 1 |a Ištvánfyová, Jana